000
00327nam a22001457a 4500
003
SGT
082
_a
510,PUN
100
_a
PUNDIR,SUDHIR K
245
_a
INTEGRATION THEORY AND FUNCTIONAL ANALYSIS
250
_a
1ST
260
_a
MEERUT
_b
PRAGATI PRAKASHAN
_c
2015
300
_a
432
650
_a
MATHEMATICS
942
_2
ddc
_c
FPS
999
_c
10032
_d
10032